Lisabon průvodce s mapou : 8 rozkládacích map

Bibliographic Details
Main Authors: Loupiac, Elsa (Author, Photographer), Oliveira, Audrey (Author), Clamens, Mathias (Author, Photographer), Le Bris, Mélani (Author), Vinon, Raphaelle (Author), Dias, Ana Carolina (Author), Léger, Jean-Pierre (Author)
Other Authors: Pawlowská, Lucie (Translator)
Format: Book
Language:Czech
Undetermined
Published: V Brnĕ Praha CPress Albatros Media 2018
Edition:1. vydání
Series:Průvodce s mapou
Subjects:

MARC

LEADER 00000cam a2200000 4500
001 vtls011741185
003 SK-MaSNL
005 20260301100006.0
008 200612s2018 xr obe g f 001 0 cze
020 |a 9788026414742  |q (brožované) 
040 |a SNK  |b slo  |c SNK  |e rda 
041 1 |a cze  |h und 
043 |a e-po--- 
044 |a xr  |c CZ 
072 7 |a 913(4)  |x Geografia Európy, reálie, cestovanie  |2 konspekt 
080 |a (036)913  |2 2011 
080 |a (469.411)  |2 2011 
080 |a 913:338.483.1  |2 2011 
080 |a 72:904  |2 2011 
080 |a 904  |2 2011 
080 |a (469)  |2 2011 
080 |a 912.43:911.375  |2 2001 
100 1 |a Loupiac, Elsa  |4 aut  |4 pht  |9 432167 
245 1 0 |a Lisabon  |b průvodce s mapou : 8 rozkládacích map  |c autoři Elsa Loupiac, Audrey Oliveira, Mathias Clamens, Raphaelle Vinon, Ana Carolina Dias, Jean-Pierre Léger ; fotografie Elsa Loupiac, Mathias Clamens ; překlad Lucie Pawlowská 
250 |a 1. vydání 
264 1 |a V Brnĕ  |b CPress  |a Praha  |b Albatros Media  |c 2018 
300 |a 22 strán ; 8 rozkladacích listov  |b fotografie, mapy, plány  |c 18 cm 
336 |a text  |b txt  |2 rdacontent 
337 |a bez média  |b n  |2 rdamedia 
338 |a zväzok  |b nc  |2 rdacarrier 
490 1 |a Průvodce s mapou 
500 |a Názov z obalu 
500 |a Niektoré listy označené písmenami z abecedy (A-F) 
504 |a Register 
650 0 7 |a turistické zaujímavosti  |2 SNKPH  |9 73869 
650 0 7 |a architektonické pamiatky  |2 SNKPH  |9 28990 
650 0 7 |a kultúrne pamiatky  |2 SNKPH  |9 2862 
650 0 7 |a Tourist sights  |2 SNKPHeng  |9 296885 
650 0 7 |a Architectural monuments  |2 SNKPHeng  |9 279148 
650 0 7 |a Cultural monuments  |2 SNKPHeng  |9 266481 
651 7 |a Lisbon (Portugal)  |2 SNKPHeng  |9 432168 
651 7 |a Portugal  |2 SNKPHeng  |9 332470 
651 7 |a Lisabon (Portugalsko)  |2 SNKPHgeo  |9 22820 
651 7 |a Portugalsko  |2 SNKPHgeo  |9 56313 
655 7 |a turistickí sprievodcovia (publikácie)  |2 SNKPH  |9 191298 
655 7 |a Tourist guides  |2 SNKPHeng  |9 274119 
655 7 |a plány miest  |2 SNKPH  |9 70536 
655 7 |a City maps  |2 SNKPHeng  |9 303265 
700 1 |a Oliveira, Audrey  |4 aut  |9 405292 
700 1 |a Clamens, Mathias  |4 aut  |4 pht  |9 432169 
700 1 |a Le Bris, Mélani  |4 aut  |9 400886 
700 1 |a Vinon, Raphaelle  |4 aut  |9 432170 
700 1 |a Dias, Ana Carolina  |4 aut  |9 432171 
700 1 |a Léger, Jean-Pierre  |4 aut  |9 432172 
700 1 |a Pawlowská, Lucie  |4 trl  |9 432173 
752 |a Česko  |d Brno 
830 0 |a Průvodce s mapou  |9 432174 
852 |a Štátna vedecká knižnica v Banskej Bystrici 
919 |a 978-80-264-1474-2 
958 |a OP 
968 |b LANGUES DIVERSES 
999 |c 684821  |d 686751 
952 |t snkLIS 908(036)  |a SNKUST  |b SNKUST  |y PREZ  |7 0  |p 17A1321596  |o snkID 100113  |i snk2018/7286  |8 3  |g 7.79  |0 0  |1 0  |4 0  |d 2018-03-27  |l 0  |r 2025-05-28 00:00:00  |w 2026-02-23